000 04470nam a22002417a 4500
005 20250408090219.0
008 241113b ||||| |||| 00| 0 eng d
040 _cAL
041 _aKannada
082 _223
_aK894.1
_bVENS
100 _aVenkatesh Machaknur
_9207819
100 _bವೆಂಕಟೇಶ ಮಾಚಕನೂರ
_9207820
245 _aSulida Baleya Hanninandadi
_bಸುಲಿದ ಬಾಳೆಯ ಹಣ್ಣಿನಂದದಿ
260 _aDharwad ಧಾರವಾಡ
_bKarnataka vidyavardhak Sangha ಕರ್ನಾಟಕ ವಿದ್ಯಾವರ್ಧಕ ಸಂಘ
_c2024
300 _a366 p.
_bHB
_c23x15 cm.
365 _aBLCR-045
_b₹280.00
_c
_d₹350.00
_e20%
_f11-11-2024
520 _aಪರಿವಿಡಿ ೧. ಶ್ರೀವಿಜಯನ ಕವಿರಾಜಮಾರ್ಗ-ಡಾ. ಡಿ.ಎಂ. ಹಿರೇಮಠ ೨. ವಡ್ಡಾರಾಧನೆ : ಕಾರ್ತಿಕ ಋಷಿಯ ಕಥೆ-ಡಾ. ಕೆ.ಆರ್. ದುರ್ಗಾದಾಸ್ ೩ ಪಂಪಭಾರತದ ರಸವತ್ತಾದ ಪ್ರಸಂಗಗಳು-ಪ್ರೊ. ಶಾಂತಿನಾಥ ದಿಬ್ಬದ ೪. ಮಹಾಕವಿ ಪಂಪನ ಆದಿಪುರಾಣ-ಡಾ. ಎಸ್. ಶಿವಾನಂದ ೫. ಪೊನ್ನನ ಶಾಂತಿಪುರಾಣ : ರಸ ಪ್ರಸಂಗಗಳು-ಡಾ. ಪಿ.ಜಿ. ಕೆಂಪಣ್ಣವರ ೬ ರನ್ನ ಕವಿಯ ಸಾಹಸಭೀಮ ವಿಜಯ-ಡಾ. ಬಾಳಣ್ಣ ಶೀಗೀಹಳ್ಳಿ 7.ಕಾವ್ಯ ಪರಂಪರೆಗೆ ಬೆಳಕಾದ ರಾಮಚಂದ್ರಚರಿತ ಪುರಾಣ-ಡಾ. ವಿನಯಾ ಒಕ್ಕುಂದ ೮. ನಯಸೇನನ ಧರ್ಮಾಮೃತ-ಡಾ. ರಾಜಶೇಖರ ಜಮದಂಡಿ ೯. ಹರಿಹರನ 'ಗಿರಿಜಾಕಲ್ಯಾಣ' ರಸಸ್ವಾದನೆ-ಡಾ. ಶಾಂತಾ ಇಮ್ರಾಪೂರ ೧೦. ಹರಿಹರ-ಕನ್ನಡ ಪ್ರಜ್ಞೆಯ ಹುಡುಕಾಟದಲ್ಲಿ-ಡಾ. ಗುರುಪಾದ ಮರಿಗುದ್ದಿ ೧೧. ರಾಘವಾಂಕನ ಹರಿಶ್ಚಂದ್ರ ಕಾವ್ಯ-ಡಾ. ವಿ.ಎಸ್. ಮಾಳಿ ೧೨. ಸೃಷ್ಟಿಶೀಲ ಶೃಂಗಾರ ವಸಂತಗಳ ಸಮೀಕರಣದ ಕಬ್ಬಿಗರ ಕಾವ-ರಂಗನಾಥ ಕಂಟನಕುಂಟೆ ೧೩. ಯಶೋಧರ ಚರಿತೆ-ಡಾ. ರಾಮಕೃಷ್ಣ ಮರಾಠ ೧೪. ಪ್ರಭುಲಿಂಗಲೀಲೆ-ಡಾ. ಬಸವರಾಜ ಜಗಜಂಪಿ ೧೫. ಕುಮಾರವ್ಯಾಸ ಭಾರತ : ವಿನೂತನ ಕಥನ -ಡಾ. ಶ್ರೀರಾಮ ಭಟ್ಟ ೧೬. ಕುಮಾರವ್ಯಾಸ ಭಾರತದ ಆಯ್ದ ರಸ ಪ್ರಸಂಗಗಳು-ಡಾ. ಶಂಭು ಬಳಿಗಾರ ೧೭. ಷಡಕ್ಷರದೇವನ ಶಬರ ಶಂಕರ ವಿಳಾಸ-ಡಾ. ವೈ.ಎಂ. ಯಾಕೊಳ್ಳಿ ೧೮. ಷಡಕ್ಷರದೇವನ ರಾಜಶೇಖರ ವಿಳಾಸಂ-ಡಾ. ಎಂ.ಬಿ. ಹೂಗಾರ ೧೯. ತೊರವೆ ರಾಮಾಯಣ : ಒಂದು ರಸಯಾತ್ರೆ -ಡಾ. ಶ್ರೀಧರ ಹೆಗಡೆ ಭದ್ರನ್ ೨೦. ಲಕ್ಷ್ಮೀಶನ ಜೈಮಿನಿ ಭಾರತ : ಒಂದು ಚಿಂತನೆ -ಡಾ. ಈರಣ್ಣ ಇಂಜಗನೇರಿ ೨೧. ರತ್ನಾಕರವರ್ಣಿ : ಭರತೇಶ ವೈಭವ-ಡಾ. ಅಶೋಕ ನರೋಡೆ ೨೨. ನಂಜುಂಡ ಕವಿಯ ಕುಮಾರರಾಮ ಸಾಂಗತ್ಯ-ಡಾ. ವೈ.ಎಂ. ಯಾಕೊಳ್ಳಿ ೨೩. ಮಹಲಿಂಗರಂಗನ ಅನುಭವಾಮೃತ-ಡಾ. ಗುರುಪಾದ ಘಿವಾರಿ ೨೪. ಶೂನ್ಯಸಂಪಾದನೆಗಳು-ಡಾ. ವೀರಣ್ಣ ರಾಜೂರ ೨೫. ಮುದ್ದಣನ ಶ್ರೀರಾಮಾಶ್ವಮೇಧಂ -ಡಾ. ಚಿದಾನಂದ ಮಾಸನಕಟ್ಟಿ ೨೬. ಮುದ್ರಾಮಂಜೂಷ ಮತ್ತು ಪ್ರಭುತ್ವ ವಿಮರ್ಶೆ -ಡಾ. ರಹಮತ್ ತರೀಕೆರೆ
650 _aA Collection of aricles on classical kannada literature
_9185300
650 _aಪ್ರಾಚೀನ ಕನ್ನಡ ಕಾವ್ಯಗಳ ರಸಾಸ್ವಾದನೆ
_9185301
700 _aVENKATESH MACHAKNUR
_9185302
700 _aChidananda Masanakatti ಚಿದಾನಂದ ಮಾಸನಕಟ್ಟಿ
_9185303
942 _2ddc
_cBK
999 _c231913
_d231913